000 00984cam a2200289 a 4500
001 246896153
003 OSt
005 20150408114040.0
008 080924s2009 ne a b 001 0 eng
015 _aGBA8B4485
_2bnb
020 _a9780750686846 (pbk.)
020 _a0750686847 (pbk.)
035 _a(OCoLC)246896153
040 _aUKM
_cUKM
_dBTCTA
_dYDXCP
_dBWKUK
_dBWK
_dBWX
050 4 _aHF5415.1265
_b.C43 2009
082 0 4 _a658.872
_222
100 1 _aCharlesworth, Alan,
_d1956-
_915201
245 1 0 _aInternet marketing :
_ba practical approach /
_cAlan Charlesworth.
250 _a1st ed.
260 _aAmsterdam ;
_aBoston ;
_aLondon :
_bButterworth-Heinemann,
_c2009.
300 _axxi, 362 p. :
_bill. (some col.) ;
_c25 cm.
504 _aIncludes bibliographical references and index.
650 0 _aInternet marketing.
_915120
650 0 _aInternet marketing
_vCase studies.
_915120
650 0 _aInternet marketing
_vProblems, exercises, etc.
_915202
942 _2ddc
_cBOOK
999 _c23798
_d258298